000 01042nam a2200313 i 4500
001 865133
003 OSt
005 20140310182704.0
008 801008s1980 ilua 001 0 eng
010 _a 79023585
020 _a0673152715 :
_c$13.95
040 _aDLC
_cDLC
_dDLC
050 1 0 _aQA 152
_b.M647 1980
082 0 0 _aM 512
_bM61 1980
100 1 _aMiller, Charles David,
_d1942-
245 1 0 _aIntermediate algebra :
_ba text-workbook /
_cMiller, Charles D.
260 _aGlenview, Ill. :
_bScott, Foresman,
_cc1980.
300 _axvi, 617 p. :
_bill. ;
_c28 cm.
500 _a"Certain portions ... were previously published in Intermediate algebra, 2d ed. [by M. L. Lial and C. D. Miller]"
500 _aIncludes index.
521 _aCollege Students
526 _c1210L-1700L
541 _j1
562 _eFor circulation. 1 copy available in the collection
650 0 _aAlgebra.
700 1 _aLial, Margaret L.,
_ejoint author.
906 _a7
_bcbc
_corignew
_du
_eocip
_f19
_gy-gencatlg
942 _2lcc
_cBK
_kM
999 _c15198
_d15198